00480nam a2200145Ia 4500008004100000020001800041082001400059100002900073245004500102260001000147500001500157942000700172952014000179999001500319260604s9999 xx 000 0 und d a9781472306111 a808.3 SHR aShree Book Centre935315 0aDisney Fairies Tink, North of Never Land bSHREE aNever land cBK 00104070aIIMVbIIMVcChildren Collectiond2026-06-04g299.00l0o808.3 SHRp003796r2026-06-04 10:19:15v299.00w2026-06-04yBKBSHR c8178d8178